Gandhi maha fmudu nurellu (Record no. 1039833)

MARC details
000 -LEADER
fixed length control field 00547nam a2200217Ia 4500
003 - CONTROL NUMBER IDENTIFIER
control field OSt
005 - DATE AND TIME OF LATEST TRANSACTION
control field 20221005121017.0
008 - FIXED-LENGTH DATA ELEMENTS--GENERAL INFORMATION
fixed length control field 221004b |||||||| |||| 00| 0 tel d
037 ## - SOURCE OF ACQUISITION
Terms of availability Textual
040 ## - CATALOGING SOURCE
Original cataloging agency CRL
Transcribing agency CRL
Language of cataloging tel
041 ## - LANGUAGE CODE
Source of code tel
Language code of text/sound track or separate title tel
100 ## - MAIN ENTRY--PERSONAL NAME
Personal name Radhakrishan
245 #0 - TITLE STATEMENT
Title Gandhi maha fmudu nurellu
300 ## - PHYSICAL DESCRIPTION
Extent 464p.
Dimensions cm.
942 ## - ADDED ENTRY ELEMENTS (KOHA)
Classification part V2:51xM69w, 35L4
Koha item type Textual
Source of classification or shelving scheme
Holdings
Withdrawn status Lost status Damaged status Not for loan Home library Current library Date acquired Total Checkouts Full call number Barcode Date last seen Price effective from Koha item type
        Central Library Central Library 2022-10-05   V2:51xM69w 35L4 AL0600027 2022-10-05 2022-10-05 Textual
Copyright @ Delhi University Library System